000 00708nam a2200241Ia 4500
003 OSt
005 20220926022901.0
006 a|||||r|||| 00| 0
007 ta
008 220923b |||||||| |||| 00| 0 eng d
020 _a0393055612
037 _cGeneral Book
040 _aRTL
_cRTL
_beng
041 _2eng
_aeng
082 _aX:742.73.N29, L6
100 _aTemin Peter
245 0 _aDid monetary forces cause the great depresion
260 _aNew York
_bW. W. Norton U. S. A.
_c1976
300 _axiii, 201p. Bibliography p.186-93; Appendix p.179-85
_ccm.
650 _aDepression
_928774
942 _hX:742.73.N29, L6
_cGB
_2CC
999 _c640508
_d640508